000 00788cab a2200241 4500
001 ABS49553
008 090401t1993 xxu||||| |||| 00| 0 eng d
035 _a(Sirsi) u71789
041 _aeng
100 _aBarrick, A.
245 _aEverything must go
260 _c1993
350 _a0
490 _aBuilding
_v41(7814) 8 October 1993, 20-21(2)
520 _aLocal authorities look destined to vote whether to privatise their building design and maintenance departments before October 1994 in a bid to beat competitive tendering legislation.
650 _aCCT
650 _aCOMPULSORY COMPETITIVE TENDERING
650 _aLOCAL AUTHORITIES
650 _aPRIVATISATION
690 _aMANAGEMENT-BUSINESS MANAGEMENT-PROFESSIONAL PRACTICE
942 _n0
948 _c04/03/1997
999 _c45292
_d45292